000
00319nam a2200157Ia 4500
003
IT-RoPAU
008
120407s9999 xx 000 0 und d
040
_a
IT-RoPAU
040
_c
IT-RoPAU
100
_a
Athanasius Miller
245
_a
Die Psalmen
260
_a
Herder
300
_c
cm
490
_v
1
942
_c
BK
999
_c
6736
_d
6736